English for UGC-NET/JRF/SLET (paper II and III) and other competitive examinations / (Record no. 181758)

MARC details
000 -LEADER
fixed length control field 00567nam a22001697a 4500
005 - DATE AND TIME OF LATEST TRANSACTION
control field 20211006120912.0
010 ## - LCCN (DPL NO)
LC control number EN230921
020 ## - INTERNATIONAL STANDARD BOOK NUMBER
International Standard Book Number 9788126929030
Terms of availability 495.00
037 ## - SOURCE OF ACQUISITION
Source of stock number/acquisition Atlantic Publishers & Distributors
100 ## - MAIN ENTRY--PERSONAL NAME
Personal name Malik,R.S.
245 ## - TITLE STATEMENT
Title English for UGC-NET/JRF/SLET (paper II and III) and other competitive examinations /
Statement of responsibility, etc by R.S. Malik
250 ## - EDITION STATEMENT
Edition statement 5th edition
260 ## - PUBLICATION, DISTRIBUTION, ETC. (IMPRINT)
Place of publication, distribution, etc New Delhi
Name of publisher, distributor, etc Atlantic Publishers & Distributors
Date of publication, distribution, etc 2021
270 ## - ADDRESS
Address 7/22,Ansari Road,Daryaganj,
City New Delhi
Postal code 110002
300 ## - PHYSICAL DESCRIPTION
Extent xv,647p.
Dimensions 24cm(pbk)
942 ## - ADDED ENTRY ELEMENTS (KOHA)
Source of classification or shelving scheme Dewey Decimal Classification
Item type English Books
Call number suffix MAL

No items available.


© Delhi Public Library
Hit Counter
free hit counter